| 000 | 00430nam a2200193Ia 4500 | ||
|---|---|---|---|
| 003 | OSt | ||
| 005 | 20260220154851.0 | ||
| 008 | 250729s1986 xx 000 0 und d | ||
| 040 | _cAL | ||
| 041 | _aeng | ||
| 082 | _a420 DURC | ||
| 100 |
_aDurr William K _9229415 |
||
| 245 | _aCaravans | ||
| 260 |
_aAtlanta _c1986 |
||
| 300 | _a384p | ||
| 650 |
_aEnglish _9229416 |
||
| 700 |
_aRao Digumurthi _9229417 |
||
| 942 |
_2ddc _cBED |
||
| 999 |
_c238324 _d238324 |
||